Manual de construcción de cañas para oboes /
Spremljeno u:
| Glavni autor: | |
|---|---|
| Daljnji autori: | |
| Format: | Knjiga |
| Jezik: | španjolski |
| Izdano: |
México :
UNAM, Escuela Nacional de Música,
1998, c1998
|
| Teme: | |
| Oznake: |
Bez oznaka, Budi prvi tko označuje ovaj zapis!
|
MARC
| LEADER | 00000nam^a2200000^a^4500 | ||
|---|---|---|---|
| 001 | 000312703 | ||
| 005 | 20250521000000.0 | ||
| 008 | 110812 19981998 | ||
| 009 | 20260310113121.936 | ||
| 020 | |a 968-36-6358-3 | ||
| 037 | |a Acervo ITESO - Biblioteca | ||
| 041 | |a ESP | ||
| 082 | |a 789. 35 |b KOL | ||
| 100 | |a Kolb Neuhaus, Roberto |e (autor) | ||
| 245 | 1 | 0 | |a Manual de construcción de cañas para oboes / |c R. Kolb Neuhaus ; il. de A. Sotelo. |
| 264 | 4 | |a México : |b UNAM, Escuela Nacional de Música, |c 1998, c1998 | |
| 300 | |a 157 p. | ||
| 336 | |a texto |b txt |2 rdacontenido | ||
| 337 | |a sin mediación |b n |2 rdamedio | ||
| 338 | |a volumen |b nc |2 rdasoporte | ||
| 649 | |a XX | ||
| 650 | |a Oboe - |x Tema Principal | ||
| 650 | |a Oboe - |x Técnica | ||
| 650 | |a Instrumentos de Viento - |x Técnica | ||
| 650 | |a Instrumentos Musicales - |x Técnica | ||
| 650 | |a Música - |x Técnica | ||
| 700 | |a Sotelo, Alejandra |e (ilustración) | ||
| 910 | |a Fondo General | ||
| 920 | |a Impresos - Libros | ||
| 930 | |a Colección General | ||
| 905 | |a 101 | ||
| 901 | |a 0500199280 |b IT1 |c ACC |i C126510 |u 20250521 | ||
| 902 | |a https://opac.biblio.iteso.mx/vufind/Record/000312703 | ||